=LDR 00000nam 2200000 4500 =001 INLIS000000000036976 =005 20140717120342.0 =006 =007 =008 Ind =035 ##$$a 0010-061300000036976 =041 ##$$a Ind =082 ##$$a 813 =090 ##$$a 813, Hum t =100 ##$$a Humphrreys, Chris =245 ##$$a The fetch, sang duplikat, Chris numphreys ; alih bahasa, Fanny Yuanita =260 ##$$a 2011 $b Jakarta =300 ##$$a 384 hlm, 21 cm =650 ##$$a Fiksi Indonesia-terjemahan =850 ##$$a NBPNMAT =990 ##$$a 93801/BPAP-NTB/2014 =990 ##$$a 93802/BPAP-NTB/2014 =990 ##$$a 21400613/BPAP-NTB/20142014 =990 ##$$a 21400613/BPAP-NTB/20142014